00952nam a22002417a 4500999001500000003000600015005001700021008004100038020001500079020001500094040000800109082001600117100002500133245008700158260005100245300000800296650005700304650004700361650004100408942001500449952012300464952012300587 c8935d8935GBCCL20241126110702.0220203b ||||| |||| 00| 0 eng d a8983142278 a8983142855 cgbc a228.07bJON aJong, Paul C.913208 aIs the age of the antichrist, martydom, rapture and the millennial kingdom coming? aSeoul, Korea : bHephzibah Pub. House, c2002- a2v. aNew Life Mission (Seoul, Korea) vDoctrines. 915341 aBible. vRevelationxCommentaries. 915639 aBible. vRevelationxSermons.915640 2ddccBK04 00102ddc4070aGBCbGBCcBSd2022-02-03l1o228.07 JONp004782r2025-05-01 00:00:00s2024-02-08tv.1w2022-02-03yBK 00102ddc4070aGBCbGBCcBSd2022-02-03l3o228.07 JONp004783r2025-05-01 00:00:00s2024-01-27tv.2w2022-02-03yBK